Vedy o umení - Hudba bibliografické zprávy Štátnej vedeckej knižnice v Košiciach

III. roč. (1955) obsahuje 937 anotovaných bg. zázn. zo sovietskej a ľudovodemokratickej tlače, autorský a vecný register a zoznam excerpovaných čas. IV. roč. spracovaný v spolupráci so Slovanskou knihovnou v Prahe, obsahuje 1509 záznamov, menný a vecný register a zoznam excerpovaných čas. V. roč. (1...

Full description

Bibliographic Details
Previous Title:Súpis sovietskych článkov na tému hudba
Corporate Authors: Štátna vedecká knižnica v Košiciach, Tlačiarenské závody Pravda (Bratislava, Slovensko). Závod Košice
Other Authors: Lukáč, Rudolf (Publishing director)
Format: Journal
Language:Slovak
PhysicalDescription:3 roč. 21 x 15 cm
Published: Košice Štátna vedecká knižnica 1955-1957
Subjects:

MARC

LEADER 00000nas a22000001a 4500
001 vtls010302480
003 SK-MaSNL
005 20260228162847.0
008 110810d19551957xo zr p r 0 b0slo
015 |a SNBDS17XX9999 
015 |a 1776  |2 Balúnová 1945-60 
038 |a SNKBUDS 
040 |a SNK  |b slo  |c SNK  |e AACR2 
041 0 |a slo 
044 |a xo  |c SK 
080 |a 01  |2 2001 
080 |a 78  |2 2001 
080 |a 070.489  |2 2001 
245 0 0 |a Vedy o umení - Hudba  |b bibliografické zprávy Štátnej vedeckej knižnice v Košiciach 
246 1 3 |a Hudba  |f 1/IV (1956)-4/IV 1956 
246 1 3 |a Hudobná bibliografia  |f 1/V 1957-2/V 1957 
260 |a Košice  |b Štátna vedecká knižnica  |c 1955-1957 
300 |a 3 roč.  |c 21 x 15 cm 
310 |a 4x ročne  |b 1/IV 1956-2/V 1957 
321 |a Periodicita sa nedá určiť  |b 1/III 1955-5/III 1955 
362 0 |a Roč. III, č. 1 (1955)-roč. V, č. 2 (1957) 
500 |a Zmena podnázvu: od 1/IV (1956) Prehľad článkov zo sovietskej a ľudovodemokratickej tlače 
500 |a Vych. v Košiciach podľa potreby, od 1/IV (1956) 4x ročne 
500 |a Zodp. red. Rudolf Lukáč. Red. Michal Potemra 
500 |a Vyd. Štátna vedecká knižnica v Košiciach 
500 |a Tlač. Pravda, vyd. ÚV KSS v Košiciach 
500 |a Pov. PK č. HS IV/II-1955 z 29. marca 1955. Číslom 2/V (1957) prestal vychádzať 
505 8 0 |g Roč. III. 1955 5 č. po 12-48 s. 
505 8 0 |g Roč. IV. 1956 4 č. 116 s. 
505 8 0 |g Roč. V. 1957 2 č. 144 s. 
520 |a III. roč. (1955) obsahuje 937 anotovaných bg. zázn. zo sovietskej a ľudovodemokratickej tlače, autorský a vecný register a zoznam excerpovaných čas. IV. roč. spracovaný v spolupráci so Slovanskou knihovnou v Prahe, obsahuje 1509 záznamov, menný a vecný register a zoznam excerpovaných čas. V. roč. (1957) obsahuje 2375 záznamov, bez registrov. Pov. PK č. HS IV/II-1955 z 29. marca 1955. 
580 |a Nadviazal na Súpis sovietskych článkov na tému hudba 
650 0 7 |a bibliografia  |2 SNKPH  |9 24254 
650 0 7 |a hudba  |2 SNKPH  |9 1063 
655 7 |a bibliografické súpisy  |2 SNKBUDS  |9 269543 
700 1 |a Lukáč, Rudolf  |4 pbd  |9 6088 
700 1 |a Potemra, Michal,  |d 1922-2002  |4 red  |9 185296 
710 2 |a Štátna vedecká knižnica v Košiciach  |9 252348 
710 2 |a Tlačiarenské závody Pravda (Bratislava, Slovensko).  |b Závod Košice  |9 268771 
780 0 0 |t Súpis sovietskych článkov na tému hudba 
852 |a SNK  |b 10000  |h ČSB 1430 
852 |a UKB  |b 300000  |h SD 7885 
852 |a UKB  |b 300000  |h 20 D 11092 
852 |a SVKKK  |b 900000  |h A 46 
999 |c 8458  |d 10388